000 00298nam a22001337a 4500
008 170801b xxu||||| |||| 00| 0 eng d
020 _a9781412940832
041 _aeng
080 _a004
100 _a004
101 _a32
245 _aADVENTURES IN SOCIAL RESEARCH
_cBABBIE, E
942 _2udc
_cBK
999 _c22329
_d22329